Представление документа в формате RUSMARC

ПолеНазваниеЗначение
  Тип записи a
  Библиографический уровень m
001 Контрольный номер SKBR/04d0c9de-f8db-4d1b-9c0b-2eff69b26496
005 Дата корректировки 20251219142514.1
010 Индекс ISBN __
a ISBN 978-5-907624-82-5
9 Тираж 3000 экз.
b Уточнения в пер.
d Цена 1109-19
035 Другие системные номера __
a Идентификатор записи RU\NLR\BIBL_A\022183883
100 Данные общей обработки __
a Данные общей обработки 20240401d2024 k y0rusy028902 ca
101 Язык документа 0_
a Язык текста rus
102 Страна публикации __
a Страна публикации RU
105 Кодированные данные (монография) __
a Кодированные данные (монография) yc z 000yy
181 Поле кодированных данных: вид содержания _0
a Код вида содержания (ISBD) i
182 Поле кодированных данных: тип средства _0
a Код типа средства (ISBD) n
200 Заглавие и сведения об ответственности 1_
a Заглавие Русофобия
e Сведения, относящиеся к заглавию история изобретения страха
f Первые сведения об ответственности Наталия Петровна Таньшина
203 Вид содержания и тип средства __
a Вид содержания Текст
c Тип средства непосредственный
210 Выходные данные 1_
a Место издания Москва
c Издательство Концептуал
d Дата издания 2024
215 Физическое описание __
a Объем 487 с.
d Формат 22 см
225 Серия 1_
a Серия Фонд "Светославъ" представляет
300 Общие примечания __
a Общие примечания Информация об авторе на 4-й с. обложки
320 Библиография __
a Библиография Библиография: с. 473-487 и в подстрочных примечаниях
330 Аннотация __
a Аннотация Что такое русофобия? Существует ли она вообще, или её придумали сами русские? В чём причина неприятия нашей страны, и почему Россия воспринимается зачастую в негативном ключе, как антипод и угроза ценностям западного "цивилизованного" мира? Каковы исторические корни русофобии как идеологии, а также мифы и стереотипы, на основе которых строится образ России? Как этот образ формировался на разных этапах исторического развития? Можно ли воспринимать русофобию как разновидность расизма? Всегда ли доминировал русофобский взгляд на нашу страну, или были периоды иного её восприятия? Можно ли выработать иммунитет против этого вредоносного общественного "вируса"? На основе анализа работ о России, созданных в разное время западными писателями, путешественниками, дипломатами и политиками, автор книги предлагает свои варианты ответов на эти сложные, неоднозначные и очень актуальные вопросы.
540 Дополнительное заглавие, сделанное каталогизатором 10
a Дополнительное заглавие, сделанное каталогизатором История изобретения страха
606 Тематические рубрики 1_
a Основная рубрика История
2 Код системы nlr_sh
606 Тематические рубрики __
2 Код системы nlr_sh
a Основная рубрика История России в целом
y Географическая подрубрика Россия
y Географическая подрубрика Русь
y Географическая подрубрика Московская Русь
610 Ключевые слова 0_
a Ключевые слова русофобия
610 Ключевые слова 0_
a Ключевые слова русский вопрос
610 Ключевые слова 0_
a Ключевые слова национальная политика
610 Ключевые слова 0_
a Ключевые слова западный мир
610 Ключевые слова 0_
a Ключевые слова образ России
610 Ключевые слова 0_
a Ключевые слова угрозы
610 Ключевые слова 0_
a Ключевые слова угрозы национальной безопасности
610 Ключевые слова 0_
a Ключевые слова национальная безопасность
610 Ключевые слова 0_
a Ключевые слова негативное отношение
610 Ключевые слова 0_
a Ключевые слова российский империализм
610 Ключевые слова 0_
a Ключевые слова негативные образы
610 Ключевые слова 0_
a Ключевые слова Ливонская война
610 Ключевые слова 0_
a Ключевые слова русская угроза
610 Ключевые слова 0_
a Ключевые слова западная русофобия
610 Ключевые слова 0_
a Ключевые слова политические интриги
610 Ключевые слова 0_
a Ключевые слова антироссийские мифы
610 Ключевые слова 0_
a Ключевые слова идеология
610 Ключевые слова 0_
a Ключевые слова русские революции
610 Ключевые слова 0_
a Ключевые слова наполеоновские войны
610 Ключевые слова 0_
a Ключевые слова коллективный Запад
610 Ключевые слова 0_
a Ключевые слова информационные войны
610 Ключевые слова 0_
a Ключевые слова антирусские идеи
610 Ключевые слова 0_
a Ключевые слова русские
610 Ключевые слова 0_
a Ключевые слова русский менталитет
686 Индексы других классификаций __
a Классификационный индекс 63.3(2)-38
2 Код системы rubbks
700 Автор _1
a Фамилия Таньшина
b Имя Н. П.
g Полное личное имя Наталия Петровна
f Даты 1974-
4 Код отношения 070
801 Источник записи _0
a Страна RU
b Организация NLR
c Дата составления 20240401
g Правила каталогизации PSBO
801 Источник записи _1
a Страна RU
b Организация NLR
c Дата составления 20240401
g Правила каталогизации PSBO
801 Источник записи _2
a Страна RU
b Организация NLR
c Дата составления 20240501
2 Код формата rusmarc
g Правила каталогизации PSBO
852 Данные о местонахождении __
i Авторский знак Т 18
j Шифр хранения 63.3(2)-38
900 Макрообъекты __
a Макрообъекты Русофобия. История изобретения страха. Таньшина, Н. П., 2024
901 Тип документа __
a Ответственный ООФиК/Губина
t Тип документа m
903 Характеристики (МАРС) __
a Дата передачи 20250212
c Наименование библиотеки (МАРС) Муниципальное бюджетное учреждение культуры "Централизованная библиотечная система" г. Сургут (Центральная городская библиотека им. А. С. Пушкина)
969 Тип издания __
a Тип издания научное издание
990 Данные о заказе (DOS) __
j Количество экземпляров (DOS) 1
t N записи в КСУ для И/У (DOS) 202503